[Event "BUL-chT (Women) 48th"]
[Site "Sunny Beach"]
[Date "2015.06.06"]
[Round "7.3"]
[White "Ilieva, Hristina"]
[Black "Bukhteeva, Viktoria"]
[Result "1/2-1/2"]
[WhiteElo "2082"]
[BlackElo "2169"]
[PlyCount "55"]
[EventDate "2015.05.31"]
[EventType "team-tourn"]
[EventRounds "7"]
[EventCountry "BUL"]
[SourceTitle "CBM 166 Extra"]
[Source "ChessBase"]
[SourceDate "2015.06.18"]
[SourceVersion "1"]
[SourceVersionDate "2015.06.18"]
[SourceQuality "1"]
[WhiteTeam "Pleven Spartak XXI (W)"]
[BlackTeam "Burgas 64 (W)"]
[WhiteTeamCountry "BUL"]
[BlackTeamCountry "BUL"]

1. d4 d5 2. Nf3 Nc6 3. Bf4 Bg4 4. e3 e6 5. h3 Bh5 6. c4 Bb4+ 7. Nc3 Nge7 8. Rc1 dxc4 9. Bxc4 Nd5 10. Bg3 0-0 11. 0-0 Nxc3 12. bxc3 Bd6 13. Bxd6 Qxd6 14. Be2 Rad8 15. c4 e5 16. d5 Ne7 17. e4 Bxf3 18. Bxf3 c5 19. Qd2 Qc7 20. Qc3 Rfe8 21. Rb1 Nc8 22. a4 Nd6 23. Rfe1 Qe7 24. Rb2 Qc7 25. Rbb1 Qe7 26. Rb2 Qc7 27. Rbb1 Qe7 28. Rb2 1/2-1/2

[Event "BUL-chT (Women) 48th"]
[Site "Sunny Beach"]
[Date "2015.06.02"]
[Round "3.4"]
[White "Stojanovic, Andjelija"]
[Black "Ilieva, Hristina"]
[Result "1-0"]
[WhiteElo "2289"]
[BlackElo "2082"]
[PlyCount "79"]
[EventDate "2015.05.31"]
[EventType "team-tourn"]
[EventRounds "7"]
[EventCountry "BUL"]
[SourceTitle "CBM 166 Extra"]
[Source "ChessBase"]
[SourceDate "2015.06.18"]
[SourceVersion "1"]
[SourceVersionDate "2015.06.18"]
[SourceQuality "1"]
[WhiteTeam "Sofia CSKA (W)"]
[BlackTeam "Pleven Spartak XXI (W)"]
[WhiteTeamCountry "BUL"]
[BlackTeamCountry "BUL"]

1. d4 Nf6 2. Bg5 d5 3. e3 c6 4. Bd3 Nbd7 5. Nf3 e6 6. 0-0 Bd6 7. c4 dxc4 8. Bxc4 Qc7 9. Nc3 0-0 10. Rc1 e5 11. dxe5 Nxe5 12. Bxf6 gxf6 13. Nxe5 fxe5 14. Qh5 Kh8 15. Nb5 Qe7 16. Nxd6 Qxd6 17. Bxf7 Qf6 18. Bb3 Bf5 19. Rcd1 a5 20. a4 Rae8 21. Rd2 Re7 22. Rfd1 Rg7 23. Rd6 Qe7 24. Qh6 Be4 25. g3 Bg6 26. Rd7 Qf6 27. Qxg7+ Qxg7 28. Rxg7 Kxg7 29. Rd7+ Kf6 30. f3 Rb8 31. e4 b5 32. Rd2 Ke7 33. Kf2 Be8 34. Ke3 Bd7 35. f4 exf4+ 36. gxf4 Rf8 37. Rg2 Kd6 38. Rg7 h5 39. e5+ Kc7 40. e6 1-0

[Event "BUL-chT-A (Women) 62nd"]
[Site "Sunny Beach"]
[Date "2012.09.23"]
[Round "5.1"]
[White "Ilieva, Hristina"]
[Black "Raeva, Elitsa"]
[Result "0-1"]
[WhiteElo "2106"]
[BlackElo "2279"]
[PlyCount "102"]
[EventDate "2012.09.19"]
[EventType "team-tourn"]
[EventRounds "7"]
[EventCountry "BUL"]
[SourceTitle "CBM 150 Extra"]
[Source "ChessBase"]
[SourceDate "2012.10.19"]
[SourceVersion "1"]
[SourceVersionDate "2012.10.19"]
[SourceQuality "1"]
[WhiteTeam "Sofia Ivis Plus (W)"]
[BlackTeam "Sofia Shah XXI (W)"]
[WhiteTeamCountry "BUL"]
[BlackTeamCountry "BUL"]

1. d4 Nf6 2. Nf3 c5 3. d5 g6 4. c4 Bg7 5. Nc3 0-0 6. g3 d6 7. Bg2 Na6 8. 0-0 Nc7 9. h3 a6 10. a4 b6 11. e4 Rb8 12. Qe2 b5 13. e5 Nfe8 14. Bf4 bxc4 15. Rfd1 Bf5 16. Ne4 Rb4 17. Nc3 Bd3 18. Qd2 Bh8 19. Re1 Ng7 20. g4 Qd7 21. Bg3 Nge8 22. Ra3 dxe5 23. Nxe5 Bxe5 24. Bxe5 f6 25. Bf4 Nd6 26. Qe3 Re8 27. Qxc5 Rb7 28. Raa1 Rb3 29. Rac1 g5 30. Bg3 h5 31. gxh5 Kf7 32. Ne4 Bxe4 33. Bxe4 Nxe4 34. Rxe4 Qxd5 35. Qxd5+ Nxd5 36. Rexc4 Rh8 37. Rd1 e6 38. Rc6 Rxh5 39. Rxa6 Rxh3 40. Re1 e5 41. a5 Nf4 42. Rc6 Rb8 43. Rc7+ Kg6 44. Bxf4 gxf4 45. Rec1 Ra3 46. Ra7 Kf5 47. Rc6 Rg8+ 48. Kh2 Rh8+ 49. Kg2 f3+ 50. Kg3 Rg8+ 51. Kh3 Ra1 0-1

[Event "Kesarovski Georgiev Memorial 11th"]
[Site "Sunny Beach"]
[Date "2012.09.02"]
[Round "2"]
[White "Ilieva, Hristina"]
[Black "Lasek, Frantisek"]
[Result "1/2-1/2"]
[WhiteElo "2106"]
[BlackElo "1817"]
[PlyCount "70"]
[EventDate "2012.09.01"]
[EventType "swiss"]
[EventRounds "9"]
[EventCountry "BUL"]
[SourceTitle "CBM 150 Extra"]
[Source "ChessBase"]
[SourceDate "2012.10.19"]
[SourceVersion "1"]
[SourceVersionDate "2012.10.19"]
[SourceQuality "1"]

1. d4 Nf6 2. Nf3 d5 3. c4 c6 4. Nc3 e6 5. Bg5 h6 6. Bh4 Be7 7. e3 Ne4 8. Bxe7 Qxe7 9. Rc1 Nd7 10. Bd3 f5 11. 0-0 0-0 12. a3 Ndf6 13. Ne5 Kh7 14. Ne2 Bd7 15. Nf4 Be8 16. f3 Nd6 17. c5 Nc8 18. Qc2 Nd7 19. e4 Nxe5 20. dxe5 Kg8 21. Ne2 f4 22. Nd4 Bd7 23. exd5 cxd5 24. b4 a6 25. a4 Na7 26. b5 Rac8 27. Qc3 axb5 28. axb5 Qe8 29. Qa5 Ra8 30. Qb6 Qb8 31. Qd6 Qxd6 32. cxd6 Rfc8 33. Rc7 Rxc7 34. dxc7 Nc8 35. Nb3 b6 1/2-1/2

[Event "BUL-chT (Women) 41th"]
[Site "Borovetz"]
[Date "2008.10.07"]
[Round "7"]
[White "Ilieva, Hristina"]
[Black "Stefanova, Milena"]
[Result "0-1"]
[WhiteElo "2147"]
[BlackElo "2005"]
[PlyCount "72"]
[EventDate "2008.10.01"]
[EventType "team-tourn"]
[EventRounds "7"]
[EventCountry "BUL"]
[SourceTitle "CBM 126 Extra"]
[Source "ChessBase"]
[SourceDate "2008.11.05"]
[SourceVersion "1"]
[SourceVersionDate "2008.11.05"]
[SourceQuality "1"]
[WhiteTeam "Sofia Shah XXI (W)"]
[BlackTeam "Vratsa (W)"]
[WhiteTeamCountry "BUL"]
[BlackTeamCountry "BUL"]

1. d4 d5 2. Nf3 Nf6 3. c4 c6 4. Nc3 a6 5. c5 h6 6. Bf4 Nh5 7. e3 Nxf4 8. exf4 g6 9. Ne5 Bg7 10. Bd3 0-0 11. 0-0 Nd7 12. b4 Qc7 13. a4 b6 14. h4 Bf6 15. h5 g5 16. Bc2 Bg7 17. Qd3 f5 18. Ng6 Rf7 19. Rfe1 Nf6 20. cxb6 Qd6 21. Ne5 Rf8 22. fxg5 hxg5 23. Qg3 Ng4 24. Nxg4 Qxg3 25. fxg3 Bxd4+ 26. Nf2 Bxc3 27. Rab1 e5 28. Red1 e4 29. Nh3 f4 30. Nxg5 fxg3 31. Nxe4 dxe4 32. Bxe4 Bf5 33. Bxf5 Rxf5 34. Rd3 Be5 35. Rc1 Raf8 36. Rcd1 Rf4 0-1

[Event "BUL-chT (Women) 41th"]
[Site "Borovetz"]
[Date "2008.10.01"]
[Round "1"]
[White "Videnova, Iva"]
[Black "Ilieva, Hristina"]
[Result "1/2-1/2"]
[WhiteElo "2182"]
[BlackElo "2147"]
[PlyCount "102"]
[EventDate "2008.10.01"]
[EventType "team-tourn"]
[EventRounds "7"]
[EventCountry "BUL"]
[SourceTitle "CBM 126 Extra"]
[Source "ChessBase"]
[SourceDate "2008.11.05"]
[SourceVersion "1"]
[SourceVersionDate "2008.11.05"]
[SourceQuality "1"]
[WhiteTeam "Plovdiv Lokomotiv 2000 (W)"]
[BlackTeam "Sofia Shah XXI (W)"]
[WhiteTeamCountry "BUL"]
[BlackTeamCountry "BUL"]

1. e4 c6 2. d4 d5 3. exd5 cxd5 4. c4 Nf6 5. Nc3 e6 6. Nf3 Bb4 7. cxd5 Nxd5 8. Bd2 Nc6 9. Bd3 Be7 10. 0-0 0-0 11. Qe2 Nf6 12. Ne4 Qb6 13. a3 Bd7 14. Nxf6+ Bxf6 15. Bc3 Ne7 16. Ne5 Bc6 17. Nxc6 bxc6 18. Qe4 g6 19. Bb4 Rfd8 20. Bc5 Qc7 21. Rfd1 Nf5 22. Bc2 a5 23. Ba4 Rd5 24. g4 Nd6 25. Qf4 Bg5 26. Qg3 Qd7 27. Bb3 Ne4 28. Qg2 f5 29. Bxd5 exd5 30. Rd3 fxg4 31. f3 gxf3 32. Rxf3 Re8 33. Raf1 Bh6 34. Qh3 Qxh3 35. Rxh3 Nxc5 36. Rxh6 Nb3 37. Rh4 Re2 38. Rf2 Re1+ 39. Kg2 Rd1 40. Rff4 Rd2+ 41. Rf2 Rd1 42. Rhf4 Nxd4 43. Rf8+ Kg7 44. R2f7+ Kh6 45. Rh8 Rd2+ 46. Rf2 Rd3 47. Ra8 Nb3 48. Rf3 Rd2+ 49. Rf2 Rd3 50. Rf3 Rd2+ 51. Rf2 Rd3 1/2-1/2

[Event "BUL-chT (Women) 57th"]
[Site "Sunny Beach"]
[Date "2007.10.02"]
[Round "4.2"]
[White "Vladimirova, Diana"]
[Black "Ilieva, Hristina"]
[Result "1/2-1/2"]
[WhiteElo "1776"]
[BlackElo "2151"]
[PlyCount "94"]
[EventDate "2007.09.29"]
[EventType "team"]
[EventRounds "7"]
[EventCountry "BUL"]
[SourceTitle "CBM 120 Extra"]
[Source "ChessBase"]
[SourceDate "2007.11.01"]
[SourceVersion "1"]
[SourceVersionDate "2007.11.01"]
[SourceQuality "1"]

1. e4 c6 2. d4 d5 3. Nd2 dxe4 4. Nxe4 Nd7 5. Nf3 Ngf6 6. Nxf6+ Nxf6 7. Ne5 Be6 8. Be2 g6 9. 0-0 Bg7 10. c4 0-0 11. Be3 Ne4 12. f4 f6 13. Nf3 Nd6 14. b3 b5 15. Rc1 Bf7 16. cxb5 cxb5 17. Qd3 Bd5 18. Rc5 e6 19. Nd2 a6 20. Bf3 Nb7 21. Rc2 Bxf3 22. Nxf3 Qd5 23. Nd2 Rfd8 24. Qe4 Rd7 25. Rfc1 Rad8 26. Rc6 Rd6 27. Qxd5 exd5 28. Rc7 R6d7 29. R1c6 Rxc7 30. Rxc7 Nd6 31. Rc6 Nf5 32. Bf2 Rd6 33. Rxd6 Nxd6 34. Nf1 Kf7 35. Ne3 Ke6 36. Nc2 a5 37. Kf1 Kf5 38. Ke2 Ne4 39. Be1 b4 40. Ne3+ Ke6 41. g3 Nd6 42. Kd3 Nb5 43. Nc2 g5 44. Bd2 h6 45. g4 gxf4 46. Bxf4 f5 47. h3 fxg4 1/2-1/2

[Event "BUL-ch (Women) qual"]
[Site "Pleven"]
[Date "2006.01.30"]
[Round "4"]
[White "Videnova, Iva"]
[Black "Ilieva, Hristina"]
[Result "1-0"]
[WhiteElo "2149"]
[BlackElo "2129"]
[PlyCount "125"]
[EventDate "2006.01.28"]
[EventType "swiss"]
[EventRounds "9"]
[EventCountry "BUL"]
[SourceTitle "CBM 110 Extra"]
[Source "ChessBase"]
[SourceDate "2006.03.10"]
[SourceVersion "2"]
[SourceVersionDate "2006.03.10"]
[SourceQuality "1"]

1. g3 Nf6 2. c4 e5 3. Bg2 d5 4. cxd5 Nxd5 5. Nc3 Nb6 6. d3 Be7 7. Nf3 Nc6 8. 0-0 0-0 9. a3 Be6 10. b4 Nd4 11. Bb2 Nxf3+ 12. Bxf3 c6 13. Na4 Nxa4 14. Qxa4 Bd5 15. e4 Be6 16. Rfd1 a5 17. b5 Qb6 18. Bxe5 cxb5 19. Rdb1 b4 20. axb4 axb4 21. Qxa8 Rxa8 22. Rxa8+ Bf8 23. Bc3 b3 24. Bb2 Qd6 25. Ba3 Qxa3 26. Rxa3 Bxa3 27. Bd1 b2 28. Bc2 Kf8 29. d4 Bc4 30. f3 Ke7 31. Kf2 b5 32. Ke3 Ba2 33. Rd1 Bc4 34. Bb1 Bb4 35. f4 Ba5 36. d5 Bb4 37. e5 Bb3 38. d6+ Kd8 39. Rh1 Bd5 40. Be4 Ba2 41. h3 Kd7 42. Bb1 Bc4 43. Kd4 g6 44. Rh2 Ba3 45. g4 Kd8 46. f5 Kd7 47. Rf2 Kd8 48. Kc3 Kd7 49. Kd4 Kc6 50. Be4+ Kd7 51. h4 Ba2 52. Rf1 Bb4 53. Bb1 Bc4 54. Rf2 Ba3 55. fxg6 hxg6 56. h5 gxh5 57. gxh5 Kc6 58. Rh2 Bc5+ 59. Ke4 Bd5+ 60. Kf4 Bd4 61. d7 Kxd7 62. Rd2 Bc3 63. Rxd5+ 1-0

[Event "BUL-ch (Women) qual"]
[Site "Pleven"]
[Date "2006.01.29"]
[Round "3"]
[White "Ilieva, Hristina"]
[Black "Petkova, Veneta"]
[Result "1-0"]
[WhiteElo "2129"]
[BlackElo "1959"]
[PlyCount "55"]
[EventDate "2006.01.28"]
[EventType "swiss"]
[EventRounds "9"]
[EventCountry "BUL"]
[SourceTitle "CBM 110 Extra"]
[Source "ChessBase"]
[SourceDate "2006.03.10"]
[SourceVersion "2"]
[SourceVersionDate "2006.03.10"]
[SourceQuality "1"]

1. d4 e6 2. c4 d5 3. Nf3 Nf6 4. Nc3 Be7 5. Bg5 0-0 6. e3 h6 7. Bh4 b6 8. Qb3 Bb7 9. Bxf6 Bxf6 10. cxd5 exd5 11. Rd1 Re8 12. Bd3 c6 13. 0-0 Nd7 14. e4 dxe4 15. Nxe4 Qc7 16. Rfe1 b5 17. a3 Be7 18. Bb1 Nf6 19. Ne5 Nd5 20. Qc2 g6 21. Rd3 Bd6 22. f4 Bxe5 23. fxe5 Bc8 24. Nd6 Re7 25. Rg3 Ba6 26. Qd2 b4 27. Qxh6 Qxd6 28. Rh3 1-0

[Event "BUL-chT (Women) 38th"]
[Site "Sunny Beach"]
[Date "2005.09.26"]
[Round "1"]
[White "Ilieva, Hristina"]
[Black "Djingarova, Emilia"]
[Result "1/2-1/2"]
[WhiteElo "2137"]
[BlackElo "2277"]
[PlyCount "56"]
[EventDate "2005.09.26"]
[EventType "team-tourn"]
[EventRounds "9"]
[EventCountry "BUL"]
[SourceTitle "CBM 108 Extra"]
[Source "ChessBase"]
[SourceDate "2005.11.04"]
[SourceVersion "1"]
[SourceVersionDate "2005.11.04"]
[SourceQuality "1"]
[WhiteTeam "Sofia Shah XXI (W)"]
[BlackTeam "Plovdiv Lokomotiv (W)"]
[WhiteTeamCountry "BUL"]
[BlackTeamCountry "BUL"]

1. d4 Nf6 2. Nf3 e6 3. c4 d5 4. Nc3 dxc4 5. e4 Bb4 6. Bg5 c5 7. Bxc4 cxd4 8. Nxd4 Qa5 9. Bb5+ Bd7 10. Bxf6 gxf6 11. Bxd7+ Nxd7 12. 0-0 Bxc3 13. bxc3 a6 14. Rb1 Qc7 15. Qh5 Ke7 16. Rfd1 Rag8 17. f4 Rg7 18. Nf3 Rhg8 19. g3 Qc5+ 20. Qxc5+ Nxc5 21. Rb6 Rc8 22. Rd4 Rgg8 23. e5 fxe5 24. Nxe5 Rgd8 25. Kg2 f6 26. Nf3 Rc7 27. Rxd8 Kxd8 28. f5 Ke7 1/2-1/2

[Event "BUL-chT (Women)"]
[Site "Pamporovo"]
[Date "2001.10.08"]
[Round "7"]
[White "Ilieva, Hristina"]
[Black "Bocheva, Margarita"]
[Result "1-0"]
[WhiteElo "2145"]
[BlackElo "2023"]
[PlyCount "49"]
[EventDate "2001.10.03"]
[EventType "team"]
[EventRounds "7"]
[EventCountry "BUL"]
[SourceTitle "CBM 084 Extra"]
[Source "ChessBase"]
[SourceDate "2001.10.26"]
[SourceVersion "1"]
[SourceVersionDate "2001.10.26"]
[SourceQuality "1"]

1. d4 d5 2. Nf3 Bg4 3. Ne5 Bh5 4. c4 dxc4 5. Nc3 c6 6. g4 Bg6 7. h4 f6 8. Nxg6 hxg6 9. Qc2 Qxd4 10. Qxg6+ Kd8 11. Be3 Qe5 12. 0-0-0+ Nd7 13. Bh3 e6 14. Qf7 Ne7 15. Rd4 Nd5 16. Re4 Qc7 17. Qxe6 Bd6 18. Nxd5 cxd5 19. Qxd5 c3 20. Rc4 cxb2+ 21. Kb1 Nb6 22. Bxb6 Qxb6 23. Rd1 Ke7 24. g5 Rhd8 25. gxf6+ 1-0

[Event "BUL-chT (Women)"]
[Site "Pamporovo"]
[Date "2001.10.05"]
[Round "4"]
[White "Ilieva, Hristina"]
[Black "Alexieva, Silvia"]
[Result "1/2-1/2"]
[WhiteElo "2145"]
[BlackElo "2360"]
[PlyCount "54"]
[EventDate "2001.10.03"]
[EventType "team"]
[EventRounds "7"]
[EventCountry "BUL"]
[SourceTitle "CBM 084 Extra"]
[Source "ChessBase"]
[SourceDate "2001.10.26"]
[SourceVersion "1"]
[SourceVersionDate "2001.10.26"]
[SourceQuality "1"]

1. d4 g6 2. c4 Bg7 3. Nf3 c5 4. d5 b5 5. e4 d6 6. Nbd2 Nf6 7. cxb5 0-0 8. Bd3 a6 9. b6 Nbd7 10. b7 Bxb7 11. Nc4 Nb6 12. Nxb6 Qxb6 13. Nd2 e6 14. Nc4 Qc7 15. Bf4 Rad8 16. e5 Nxd5 17. exd6 Qb8 18. Bg3 Nb4 19. 0-0 Qa8 20. Nb6 Qa7 21. Nc4 Bd5 22. Be2 Bxc4 23. Bxc4 Bxb2 24. Rb1 Bd4 25. Qf3 Qd7 26. Rfd1 Qa4 27. a3 Nd5 1/2-1/2

[Event "BUL-chT (Women)"]
[Site "Pamporovo"]
[Date "2001.10.03"]
[Round "1"]
[White "Bojkovic, Natasa"]
[Black "Ilieva, Hristina"]
[Result "1-0"]
[WhiteElo "2452"]
[BlackElo "2145"]
[PlyCount "68"]
[EventDate "2001.10.03"]
[EventType "team"]
[EventRounds "7"]
[EventCountry "BUL"]
[SourceTitle "CBM 084 Extra"]
[Source "ChessBase"]
[SourceDate "2001.10.26"]
[SourceVersion "1"]
[SourceVersionDate "2001.10.26"]
[SourceQuality "1"]

1. e4 c6 2. d4 d5 3. exd5 cxd5 4. c4 Nf6 5. Nc3 e6 6. Nf3 Bb4 7. cxd5 Nxd5 8. Bd2 0-0 9. Bd3 Be7 10. 0-0 Nf6 11. Qe2 Nc6 12. Ne4 Bd7 13. Rad1 Rc8 14. Rfe1 Re8 15. a3 Qb6 16. Nxf6+ Bxf6 17. Bc3 Ne7 18. Ne5 Bxe5 19. dxe5 Nd5 20. Bd4 Qa5 21. Be4 Bc6 22. Qh5 Nf6 23. b4 Nxh5 24. bxa5 Nf4 25. Bxc6 Rxc6 26. Bxa7 Ra6 27. Be3 Nd5 28. Bd2 b6 29. axb6 Rxa3 30. Rb1 Rb8 31. Rec1 Ra6 32. b7 Ne7 33. Bb4 Nc6 34. Bd6 Rd8 1-0

[Event "Wch U26"]
[Site "Sofia"]
[Date "1994.??.??"]
[Round "2"]
[White "Ilieva, Hristina"]
[Black "Lutz, Anke"]
[Result "1/2-1/2"]
[WhiteElo "2145"]
[BlackElo "2200"]
[PlyCount "77"]
[EventDate "1994.??.??"]
[EventType "swiss"]
[EventRounds "9"]
[EventCountry "BUL"]
[SourceTitle "TD"]
[Source "ChessBase"]
[SourceDate "1994.03.01"]
[SourceVersion "1"]
[SourceVersionDate "1994.03.01"]
[SourceQuality "1"]

1. d4 Nf6 2. Nf3 c5 3. d5 d6 4. c4 g6 5. Nc3 Bg7 6. g3 0-0 7. Bg2 e6 8. 0-0 exd5 9. cxd5 Re8 10. Nd2 a6 11. a4 Nbd7 12. Nc4 Ne5 13. Nxe5 Rxe5 14. Bf4 Re8 15. Qc2 b6 16. Rab1 Qc7 17. Rfc1 Bd7 18. b4 Rac8 19. bxc5 bxc5 20. e4 Ng4 21. h3 Ne5 22. Nd1 c4 23. Bxe5 Bxe5 24. Rb4 Bxg3 25. Rxc4 Qxc4 26. Qxc4 Rxc4 27. Rxc4 Be5 28. Ne3 Rb8 29. Bf1 a5 30. Rc7 Bxa4 31. Nc4 Bf4 32. Nxa5 Rb4 33. Rc4 Rxc4 34. Nxc4 Bc2 35. f3 Kf8 36. Kf2 Ke7 37. Na3 Ba4 38. Bd3 Kd8 39. Nb5 1/2-1/2